000 01556nam a2200217Ia 4500
003 Ost
005 20260507075053.0
008 260507s9999||||xx |||||||||||||| ||und||
040 _cfsecg
041 _aara
082 _a341
100 _aعبد الحميد، محمد سامي
_eمؤلف
245 0 _aأصول القانون الدولي العام :
_bالمجلد 1 الحياة الدولية القانون الدبلوماسي والقانون القنصلي والقانون الدولي للبحر /
_c محمد سامي عبد الحميد
250 _aطبعة 2 (مزيدة ومنقحة)
260 _aالإسكندرية:
_bدار المطبوعات الجامعية,
_c1998
300 _a411 صفحة؛
_bإيضاحات ؛
_c24 سم
520 _aالقانون الدبلوماسي والقانون القنصلي، القانون الدبلوماسي، التمثيل الدبلوماسي، المختصون بتمثيل الدولة، العلاقات الدبلوماسية، الحصانات والامتيازات الدبلوماسية، القانون القنصلي، القانون الدولي للبحر وقانونه، في التعريف بالسفينة وبيان طبيعتها القانونية وأنواعها، أقسام البحر ومناطقه، الاقليم البحري للدولة، المياه البحرية للدولة، البحر العالي، الممرات البحرية الدولية
653 _aالقانون الدولي
653 _aالنقل البحري
942 _cكتاب
999 _c42702
_d42702